Gold Cup 2021 - Statistiques

Statistiques générales
  • Ce quiz a été pris 56 fois
  • Le résultat moyen est 12 sur 16
Statistiques - réponses
% Correct
1 Etats-Unis
100%
2 Canada
98%
1 Mexique
98%
4 Guatemala
94%
3 Panama
92%
2 Honduras
90%
2 Jamaïque
88%
1 Costa Rica
84%
2 Salvador
84%
3 Haïti
78%
3 Trinité-et-tobago
74%
4 Grenade
52%
4 Guadeloupe
52%
4 Martinique
52%
3 Suriname
50%
1 Qatar
40%
Aucun quiz correspondant
Distribution des résultats
% des personnes avec chaque résultat
Percentile par nombre de réponses
Votre historique - résultats
Vous n’avez pas pris ce quiz